书目信息 |
| 题名: |
现代质量管理学
|
|
| 作者: | 韩福荣 主编 | |
| 分册: | ||
| 出版信息: | 北京 机械工业出版社 2012.06 |
|
| 页数: | 368页 | |
| 开本: | 30cm | |
| 丛书名: | ||
| 单 册: | ||
| 中图分类: | F273.2 | |
| 科图分类: | ||
| 主题词: | 企业经济 | |
| 电子资源: | ||
| ISBN: | 978-7-111-38388-8 | |
| 000 | 00584nam0 2200193 450 | |
| 001 | 1642165413 | |
| 005 | 20160429114412.14 | |
| 010 | @a978-7-111-38388-8@dRMB 42.80 | |
| 100 | @a20160429d2012 km y0chiy0120 ea | |
| 101 | 0 | @achi |
| 102 | @aCN@b110000 | |
| 200 | 1 | @a现代质量管理学@Axian dai zhi liang guan li xue@f韩福荣主编@Fhan fu rong zhu bian |
| 210 | @a北京@c机械工业出版社@d2012.06 | |
| 215 | @a368页@d30cm | |
| 606 | 0 | @a企业经济 |
| 690 | @aF273.2@v4 | |
| 701 | 0 | @a韩福荣@Ahan fu rong@4主编 |
| 801 | 0 | @aCN@b大连网信软件有限公司图书馆·11@c20160429 |
| 905 | @aZUCC@dF273.2@eH075 | |
| 现代质量管理学/韩福荣主编.-北京:机械工业出版社,2012.06 |
| 368页;30cm |
| ISBN 978-7-111-38388-8:RMB 42.80 |
| ● |
| 相关链接 |
|
|
|
正题名:现代质量管理学
索取号:F273.2/H075
 
预约/预借
| 序号 | 登录号 | 条形码 | 馆藏地/架位号 | 状态 | 备注 |
| 1 | 819286 | 208192864 | 管理学院资料室/ [索取号:F273.2/H075] | 在馆 |